Carregando...

A treasury of sanskrit poetry : in english translation

Detalhes bibliográficos
Autor principal: Haksar A N D (comp.)
Formato: Printed Book
Publicado em: New Delhi Indian Council for Cultural Relation 2002
Assuntos:
LEADER 00727nam a22002051a 4500
020 |a 8175411168  |c 0.00 
040 |a SSUS - Library - Kalady 
082 |a E S1  |b HAK/T 
100 |a Haksar A N D (comp.) 
245 |a A treasury of sanskrit poetry : in english translation  |h [Text] 
260 |a New Delhi  |b Indian Council for Cultural Relation  |c 2002 
300 |a 203p. 
600 |a Literature 
600 |a Epic Poetry Sanskrit 
600 |a Literature Sanskrit 
600 |a Translation Sanskrit Poetry 
852 |h E S1  |i HAK/T  |p 042211  |9 350.00  |t 0 
942 |c BK 
999 |c 47557  |d 47557 
952 |0 0  |1 0  |4 0  |6 E_S1_HAK_T  |7 0  |9 68919  |a SSUS  |b SSUS  |d 2015-01-08  |g 350.00  |l 2  |o E S1 HAK/T  |p 042211  |r 2019-04-09  |s 2018-10-22  |v 0.00  |w 2015-01-08  |y BK